Länder, die mit E beginnen - Karten-Quiz - Statistiken

Allgemein
  • Dieses Quiz wurde 333 mal gespielt
  • Das Durchschnittsergebnis liegt bei 5 aus 6
Antworten auf der Karte
Die Antworten werden auf der Karte rot bzw. grün angezeigt, abhängig davon wie oft sie richtig erraten wurden.
 
Antwortstatistiken
Land % Korrekt
Estland
99%
Ecuador
96%
Eritrea
93%
Elfenbeinküste
91%
Eswatini
86%
El Salvador
83%
Keine übereinstimmenden Quizze gefunden
Verteilung der Resultate
Anzahl Personen mit jedem Resultat
Perzentil nach korrekt beantworteten Fragen
Ihre Resultats-Entwicklung
Sie haben dieses Quiz noch nicht gespielt